Famous Landmark Heights? - Statistics

General Stats
  • This quiz has been taken 10 times
  • The average score is 3 of 15
Answer Stats
Picture Hint Answer % Correct
Eiffel Tower 324 metres
70%
Mount Everest 8848 metres
60%
Statue of Liberty 93 metres
50%
Great Wall of China 14 metres
30%
Big Ben 97 metres
30%
Empire State Building 443 metres
20%
Pyramids of Giza 139 metres
10%
Washington Square Monument 169 metres
10%
Golden Gate Bridge 227 metres
10%
Leaning Tower of Pisa 57 metres
10%
Sydney Opera House 65 metres
10%
Taj Mahal 73 metres
10%
Diameter. Not height. 12742000 metres
0%
Mount Fuji 3776 metres
0%
Uluru / Ayers Rock 863 metres
0%
No matching quizzes found
Score Distribution
Percent of People with Each Score
Percentile by Number Answered
Your Score History
You have not taken this quiz